Women and Work <A> Handbook

Salvato in:
Dettagli Bibliografici
Altri autori: Dubeck, Paula J., Borman, Kathryn
Natura: Libro
Lingua:inglese
Pubblicazione: New York Garland Publ. 1996
Edizione:1. ed.
Serie:Garland Reference Library of Social Science Vol. 679
Soggetti:
Tags: Aggiungi Tag
Nessun Tag, puoi essere il primo ad aggiungerne!!

MARC

LEADER 00000nam a2200000 4500
001 c020071
005 20221205125800.0
020 |a 0-8240-7647-8 
041 0 |a eng 
044 |a US 
245 1 0 |a Women and Work  |b <A> Handbook  |c Edit. Paula J. Dubeck, Kathryn Borman 
250 |a 1. ed. 
264 1 |a New York  |b Garland Publ.  |c 1996 
300 |a 550 s. 
490 1 |a Garland Reference Library of Social Science  |v Vol. 679 
830 0 |a Garland Reference Library of Social Science  |v Vol. 679 
610 2 0 |a práca žien 
610 2 0 |a zamestnanosť 
610 2 0 |a ženy 
610 2 0 |a pracovníci riadiaci 
610 2 0 |a pracovníci vedúci 
610 2 0 |a práca kvalifikovaná 
610 2 0 |a USA 
610 2 0 |a trh práce 
610 2 0 |a trh práce 
700 1 |a Dubeck, Paula J. 
700 1 |a Borman, Kathryn